000 00364 a2200169 4500
001 73379
020 _a9788574724669
040 _cAnchieta - Colégio São Paulo
100 _aPêra, Silvio Adegas
240 1 0 _aHistória
_lpor
245 1 0 _aHistória
300 _a256
362 0 _a2005
440 1 _aPositivo
650 4 _aHistória do mundo
942 _cBK
999 _c73379
_d73379